000 01189nam a2200325 i 4500
001 000046394
003 DO-SdBNP
005 20241118085044.0
007 ta
008 150807s2017 dr a r 001 0 spa d
020 _a9789945088915
040 _aDO-SdBNP
_bspa
_cBNPHU
_erda
041 _aspa
082 4 _a334.068
_bO77o
_222
100 1 _aOrtiz Vargas, Bernardino
_eautor
_4aut.
_974421
245 1 0 _aLa organización, administración, manejo y gobernabilidad de las cooperativas /
_cBernardino Ortíz Vargas ; prólogo, Virginio Rafael Gerardo.
250 _aPrimera edición
264 4 _aSanto Domingo :
_bAmigo del Hogar,
_c©2017.
300 _a324 páginas :
_bilustraciones ;
_c26 cm.
336 _atexto
_btxt
_2rdacontent
337 _asin mediación
_bn
_2rdamedia
338 _avolumen
_bnc
_2rdacarrier
500 _aIncluye datos biográficos del autor en la contracubierta.
590 _aInventariado, 2020/BT
650 4 _99309
_aCooperativas
_zRepública Dominicana
650 0 _921613
_aCooperativas
_zAdministración
700 1 _aGerardo, Virginio Rafael,
_eprologuista
_4pr.
_974422
910 _aValidado. Control de calidad MFF
942 _2ddc
_cLBS1
999 _c45883
_d45883